| 000 | 00882nmc a2200313 a 4500 | ||
|---|---|---|---|
| 003 | AR-BaBNM | ||
| 005 | 20251128203926.0 | ||
| 008 | 125019s1984 ||||||||||||||000 | spa|| | ||
| 040 | _cAR-BaBNM | ||
| 245 | 1 | 0 | _aContribuciones a la metodologĂa del servicio social |
| 260 |
_aBuenos Aires _bHumanitas _c1984 |
||
| 300 | 0 | _a103 p. | |
| 490 | 0 | _aCuadernos de servicio social | |
| 650 | 4 | _aTRABAJO SOCIAL | |
| 650 | 4 | _aBIENESTAR SOCIAL | |
| 650 | 4 | _aTRABAJADORES SOCIALES | |
| 650 | 4 | _aENSENANZA DE LAS CIENCIAS SOCIALES | |
| 650 | 4 | _aCULTURAS LATINOAMERICANAS | |
| 651 | 4 | _aAmérica Latina | |
| 700 | 1 | _aSierra, Sela B. | |
| 700 | 1 | _aDi Carlo, Enrique | |
| 700 | 1 | _aDupont, Renee | |
| 700 | 1 | _aPorzecanski, Teresa | |
| 700 | 1 | _aKruse, Herman | |
| 700 | 1 |
_aDubini, Osvaldo _ecompilador |
|
| 800 | 1 | _aSierra de Villaverde, Sela | |
| 942 | _cBK | ||
| 998 | _cHector | ||
| 999 |
_c5490 _d5490 |
||